Элементарная математика с точки зрения высшей (Запись № 30285)

Подробности
000 -МАРКЕР
контрольное поле 01100nam a2200217 ca4500
001 - КОНТРОЛЬНЫЙ НОМЕР ЗАПИСИ
контрольное поле 000030285
003 - ПРИНАДЛЕЖНОСТЬ КОНТРОЛЬНОГО НОМЕРА
контрольное поле RuMoIPM
005 - ДАТА И ВРЕМЯ ПОСЛЕДНЕЙ ТРАНЗАКЦИИ
контрольное поле 20260413132102.0
008 - ЭЛЕМЕНТЫ ДАННЫХ ФИКСИРОВАННОЙ ДЛИНЫ
контрольное поле 110907m19331934ur | c rus
040 ## - ОРГАНИЗАЦИЯ-СОЗДАТЕЛЬ ЗАПИСИ
организация-создатель исходной библиографической записи RuMoIPM
язык каталогизации rus
правила каталогизации rcr
041 1# - КОД ЯЗЫКА
код языка текста Русский
код языка оригинала и/или промежуточных переводов текста ger
080 ## - ИНДЕКС УНИВЕРСАЛЬНОЙ ДЕСЯТИЧНОЙ КЛАССИФИКАЦИИ
индекс Универсальной десятичной классификации 51(07)
100 1# - ИМЯ ЛИЦА КАК ОСНОВНОЙ ПОИСКОВЫЙ ПРИЗНАК
имя лица Клейн, Феликс
245 1# - ОБЛАСТЬ ЗАГЛАВИЯ И СВЕДЕНИЙ ОБ ОТВЕТСТВЕННОСТИ
заглавие Элементарная математика с точки зрения высшей
сведения, относящиеся к заглавию, и т. д Лекции, читанные в Геттингенском университете
сведения об ответственности и т. д Ф. Клейн ; Пер. с нем. Д. А. Крыжановского ; Под ред. В. Ф. Кагана
250 ## - ОБЛАСТЬ ИЗДАНИЯ
сведения об издании 2-е изд., доп. по 3 нем. изд.
260 ## - ОБЛАСТЬ ВЫХОДНЫХ ДАННЫХ
место публикации, распространения, изготовления и т. д Москва
-- Ленинград
издательство, издатель, распространитель и т. д Гостехтеоретиздат
500 ## - ПРИМЕЧАНИЕ ОБЩЕГО ХАРАКТЕРА
текст примечания Пер. изд.: Felix Klein. Elementarmathematik vom höheren Standpunkte aus. Ausgearbeltet von E. Hellinger. 3. Auflage ... Berlin. Verlag von Julius Springer
700 1# - ИМЯ ЛИЦА КАК ДОБАВОЧНЫЙ ПОИСКОВЫЙ ПРИЗНАК
имя лица Крыжановский, Дмитрий Антонович
роль лица относительно произведения пер.
700 1# - ИМЯ ЛИЦА КАК ДОБАВОЧНЫЙ ПОИСКОВЫЙ ПРИЗНАК
имя лица Каган, Вениамин Федорович
роль лица относительно произведения ред.
942 ## - ДАННЫЕ О ЗАПИСИ (KOHA)
Тип экземпляра (KOHA) Книга

Нет доступных экземпляров.